| 000 | 00734cam a2200229 i 4500 | ||
|---|---|---|---|
| 001 | 2204553 | ||
| 005 | 20250221211651.0 | ||
| 008 | 760128s1975 maua b 001 0 eng | ||
| 020 | _a0316747203 | ||
| 050 | 0 | 0 |
_aRD771.S3 _bR57 |
| 082 | 0 | 0 | _a617/.375 |
| 100 | 1 |
_aRiseborough, Edward J., _d1926- |
|
| 245 | 1 | 0 |
_aScoliosis and other deformities of the axial skeleton / _cEdward J. Riseborough, James H. Herndon ; foreword by A. R. Hodgson. |
| 250 | _a1st ed. | ||
| 260 |
_aBoston : _bLittle, Brown and company _c1975. |
||
| 300 |
_ax, 339 p. : _bill. ; _c29 cm. |
||
| 500 | _aIncludes index. | ||
| 650 | 0 | _aScoliosis. | |
| 650 | 0 |
_aSpine _xAbnormalities. |
|
| 700 | 1 |
_aHerndon, James H., _d1938- _ejoint author. |
|
| 942 |
_2lcc _cBK _n0 |
||
| 999 |
_c4097 _d4097 |
||